Colonialismo y neocolonialismo: situations V
Збережено в:
| Автор: | |
|---|---|
| Формат: | Книга |
| Мова: | Іспанська |
| Опубліковано: |
Buenos Aires
Losada
1965
|
| Серія: | Cristal del Tiempo
|
| Предмети: | |
| Теги: |
Додати тег
Немає тегів, Будьте першим, хто поставить тег для цього запису!
|
MARC
| LEADER | 00000nam a2200000 a 4500 | ||
|---|---|---|---|
| 001 | UCP8882 | ||
| 003 | CL-VaPUC | ||
| 008 | 000317e19650000AG |||||||||||||||||spa|d | ||
| 082 | 0 | 4 | |a 194 |b SAR |2 21 |
| 100 | 0 | |a Sartre, Jean-Paul |e author |9 269377 | |
| 245 | 1 | 0 | |a Colonialismo y neocolonialismo: situations V |
| 300 | |a 185 p | ||
| 942 | |c BK | ||
| 945 | |d 20000317 00:00:00 |a lriquelm | ||
| 260 | |a Buenos Aires |b Losada |c 1965 | ||
| 650 | 7 | |a NEOCOLONIALISMO |2 CL-VaPUC |9 439132 | |
| 650 | 0 | |a Ensayos franceses |9 265511 | |
| 650 | 0 | |a Existencialismo |9 265698 | |
| 583 | |a last modification |c 20000317 00:00:00 |k Rodrigo Vera | ||
| 490 | 0 | |a Cristal del Tiempo | |
| 999 | |c 285745 |d 285743 | ||
| 952 | |0 0 |1 0 |4 0 |6 194_000000000000000_SAR_1965 |7 0 |8 A |9 330516 |a BIBHIS |b BIBHIS |d 2019-11-20 |i 1387170 |o 194 SAR 1965 |p 1387170 |r 2025-01-20 |w 2019-11-20 |y BK |k HIS | ||